[Event "ROM-ch U12"]
[Site "Calimanesti Caciulata"]
[Date "2016.04.23"]
[Round "7"]
[White "Scutaru, Alexandru"]
[Black "Antal, Andrei"]
[Result "0-1"]
[WhiteElo "1111"]
[BlackElo "1312"]
[PlyCount "116"]
[EventDate "2016.04.18"]
[EventType "swiss"]
[EventRounds "9"]
[EventCountry "ROU"]
[SourceTitle "CBM 172 Extra"]
[Source "ChessBase"]
[SourceDate "2016.06.21"]
[SourceVersion "1"]
[SourceVersionDate "2016.06.21"]
[SourceQuality "1"]

1. d4 g6 2. c4 Bg7 3. Nc3 d6 4. Nf3 Nd7 5. Bf4 Ngf6 6. e3 b6 7. Bd3 Bb7 8. 0-0 0-0 9. h3 Re8 10. Qb3 Qc8 11. Nb5 a6 12. Nc3 e5 13. dxe5 dxe5 14. Bg5 e4 15. Bxf6 Nxf6 16. Ne1 exd3 17. Nxd3 Ne4 18. Nd1 Nd2 19. Qb4 Nxf1 20. Kxf1 Qd7 21. Nc5 Qc6 22. Nxb7 Qxb7 23. c5 Rab8 24. Rb1 bxc5 25. Qxc5 Qb5+ 26. Qxb5 Rxb5 27. b3 Reb8 28. Rc1 Rc8 29. Rc6 Rb6 30. Rc4 a5 31. Ra4 Ra8 32. Rc4 Rc8 33. Ra4 Rb5 34. Rd4 Bxd4 35. exd4 Rd5 36. Nc3 Rxd4 37. Nb5 Rd1+ 38. Ke2 Rcd8 39. Nc3 R1d2+ 40. Ke1 R8d7 41. Kf1 Rd1+ 42. Nxd1 Rxd1+ 43. Ke2 Rd8 44. a4 Kg7 45. Ke3 Rd1 46. Ke2 Rb1 47. Kd2 Rxb3 48. Kc2 Ra3 49. Kb2 Rxa4 50. Kb3 Re4 51. Kc3 a4 52. Kc2 a3 53. Kb3 Re2 54. Kc3 a2 55. Kb3 a1Q 56. Kb4 Rc2 57. Kb5 Qb1+ 58. Ka4 Ra2# 0-1

[Event "ROM-ch U12"]
[Site "Calimanesti Caciulata"]
[Date "2016.04.19"]
[Round "2"]
[White "Ungureanu, Stefanis Nicolae"]
[Black "Scutaru, Alexandru"]
[Result "1-0"]
[WhiteElo "1265"]
[BlackElo "1111"]
[PlyCount "126"]
[EventDate "2016.04.18"]
[EventType "swiss"]
[EventRounds "9"]
[EventCountry "ROU"]
[SourceTitle "CBM 172 Extra"]
[Source "ChessBase"]
[SourceDate "2016.06.21"]
[SourceVersion "1"]
[SourceVersionDate "2016.06.21"]
[SourceQuality "1"]

1. e4 d5 2. exd5 Qxd5 3. Nc3 Qd8 4. Nf3 Nf6 5. d4 Bf5 6. h3 e6 7. a3 Be7 8. Bc4 0-0 9. 0-0 Nc6 10. Bg5 h6 11. Bh4 Re8 12. Bg3 Rc8 13. Re1 Bd6 14. Be5 Qe7 15. Bd3 Rcd8 16. Bxd6 Qxd6 17. Nb5 Qd7 18. Ne5 Nxe5 19. dxe5 Bxd3 20. Qxd3 Qxd3 21. cxd3 Nd5 22. Rad1 c6 23. Nc3 Nf4 24. Rd2 Rxd3 25. Rxd3 Nxd3 26. Re2 Nc5 27. Rd2 Kf8 28. b4 Na6 29. b5 cxb5 30. Nxb5 Ra8 31. Rd7 Nc5 32. Rc7 Nd3 33. Rxb7 Nxe5 34. Rxa7 Rxa7 35. Nxa7 Nc4 36. a4 Na5 37. Nb5 Ke7 38. Kf1 Kd7 39. Ke2 Kc6 40. Nc3 Kc5 41. Kd3 Kb4 42. f4 f5 43. h4 h5 44. g3 g6 45. Kd4 Nc6+ 46. Kd3 Kb3 47. Ne2 Kxa4 48. Nd4 Nd8 49. Kc4 Ka3 50. Kc5 Kb2 51. Kd6 Kc3 52. Nxe6 Nxe6 53. Kxe6 Kd4 54. Kf6 Ke4 55. Kxg6 Kf3 56. Kxh5 Kxg3 57. Kg5 Kh3 58. h5 Kg3 59. h6 Kh3 60. h7 Kg3 61. h8Q Kf3 62. Qd4 Kg3 63. Qe3+ Kg2 1-0

[Event "ROM-ch U10"]
[Site "Calimanesti"]
[Date "2014.04.13"]
[Round "9"]
[White "Hristachi, Adrian Stefan"]
[Black "Scutaru, Alexandru"]
[Result "1-0"]
[WhiteElo "1064"]
[BlackElo "1001"]
[PlyCount "81"]
[EventDate "2014.04.06"]
[EventType "swiss"]
[EventRounds "9"]
[EventCountry "ROU"]
[SourceTitle "CBM 160 Extra"]
[Source "ChessBase"]
[SourceDate "2014.07.01"]
[SourceVersion "1"]
[SourceVersionDate "2014.07.01"]
[SourceQuality "1"]

1. d4 d5 2. Nf3 c6 3. Bg5 Nf6 4. e3 Bf5 5. Bd3 e6 6. Bxf5 exf5 7. 0-0 Nbd7 8. Ne5 Be7 9. Nd2 0-0 10. Nxd7 Qxd7 11. Bxf6 Bxf6 12. c3 h6 13. Nf3 Rfe8 14. Re1 b5 15. b4 Bg5 16. Nxg5 hxg5 17. f4 gxf4 18. exf4 Qd6 19. g3 Re7 20. Rxe7 Qxe7 21. Qe1 Re8 22. Qxe7 Rxe7 23. Kf2 g6 24. Re1 Rxe1 25. Kxe1 Kh7 26. Kf2 Kh6 27. h4 f6 28. Kg2 g5 29. hxg5+ fxg5 30. fxg5+ Kxg5 31. Kf3 a6 32. a3 Kf6 33. Kf4 Ke6 34. Kg5 Kf7 35. Kxf5 Kg7 36. g4 Kh7 37. Kf6 Kg8 38. Kg6 Kh8 39. Kf7 Kh7 40. g5 c5 41. dxc5 1-0

[Event "ROM-ch U10"]
[Site "Calimanesti"]
[Date "2014.04.09"]
[Round "4"]
[White "Grozea, Robert Georgel"]
[Black "Scutaru, Alexandru"]
[Result "1-0"]
[WhiteElo "1110"]
[BlackElo "1001"]
[PlyCount "55"]
[EventDate "2014.04.06"]
[EventType "swiss"]
[EventRounds "9"]
[EventCountry "ROU"]
[SourceTitle "CBM 160 Extra"]
[Source "ChessBase"]
[SourceDate "2014.07.01"]
[SourceVersion "1"]
[SourceVersionDate "2014.07.01"]
[SourceQuality "1"]

1. e4 d5 2. exd5 Qxd5 3. Nf3 Bg4 4. Be2 Bxf3 5. Bxf3 Qa5 6. Nc3 c6 7. d4 e6 8. 0-0 Bb4 9. Bd2 Nf6 10. a3 Bxc3 11. Bxc3 Qc7 12. Qd2 0-0 13. Qg5 Nbd7 14. Rad1 h6 15. Qh4 e5 16. Qg3 Rae8 17. Rfe1 Qb6 18. dxe5 Nh7 19. e6 g6 20. exd7 Rxe1+ 21. Rxe1 Qd8 22. Re8 Qxe8 23. dxe8Q Rxe8 24. h3 Ng5 25. Qg4 Nxf3+ 26. gxf3 Re2 27. Qc8+ Kh7 28. Qh8# 1-0

[Event "ROM-ch U10"]
[Site "Calimanesti"]
[Date "2014.04.06"]
[Round "1"]
[White "Scutaru, Alexandru"]
[Black "Menlibai, Deniz Edvin"]
[Result "0-1"]
[WhiteElo "1001"]
[BlackElo "1260"]
[PlyCount "55"]
[EventDate "2014.04.06"]
[EventType "swiss"]
[EventRounds "9"]
[EventCountry "ROU"]
[SourceTitle "CBM 160 Extra"]
[Source "ChessBase"]
[SourceDate "2014.07.01"]
[SourceVersion "1"]
[SourceVersionDate "2014.07.01"]
[SourceQuality "1"]

1. d4 d5 2. c4 c6 3. Nc3 Nf6 4. Nf3 e6 5. Bg5 Be7 6. Bxf6 Bxf6 7. e3 0-0 8. Bd3 Be7 9. 0-0 f5 10. h3 Nd7 11. cxd5 exd5 12. Qc2 g6 13. Ne5 Bd6 14. Nxd7 Bxd7 15. Qb3 Rb8 16. Qa4 a6 17. a3 Qg5 18. f4 Qf6 19. Rae1 Kh8 20. Be2 Rg8 21. Nxd5 Qe6 22. Nc3 Qxe3+ 23. Kh1 Qg3 24. Rf3 Qxe1+ 25. Rf1 Qh4 26. d5 Qf6 27. dxc6 Bxc6 28. Qb3 0-1